Municipis de la comarca del Baix Camp (Catalunya) - Statistics

General Stats
  • This quiz has been taken 379 times
  • The average score is 20 of 28
Answer Stats
Hint Answer % Correct
R Reus
98%
C Cambrils
92%
MC Mont-roig del Camp
88%
VHI Vandellòs i l'Hospitalet de l'Infant
86%
R Riudoms
82%
SC La Selva del Camp
79%
R Riudecanyes
78%
P Prades
77%
P Pratdip
75%
MC Montbrió del Camp
74%
BC Les Borges del Camp
72%
R Riudecols
72%
VE Vilanova d'Escornalbou
68%
CC Castellvell del Camp
66%
B Botarell
64%
D Duesaigües
64%
VA Vinyols i els Arcs
64%
A Almoster
63%
A L'Aleixar
63%
A Alforja
62%
V Vilaplana
62%
F La Febró
60%
A L'Albiol
60%
M Maspujols
60%
C Colldejou
56%
A L'Argentera
56%
A Arbolí
54%
C Capafonts
54%
No matching quizzes found
Score Distribution
Percent of People with Each Score
Percentile by Number Answered
Your Score History
You have not taken this quiz